000 00598nam a2200205 a 4500
001 5841
003 CO-ViMGA
008 141112s2004 ck r 000 u spa d
040 _aCO-ViMGA
_bspa
_cCO-ViMGA
082 0 4 _a923.1 C175m
100 1 _aMoragas, Jerónimo de
_94390
245 1 0 _aDe Carlos I emperador a Carlos II el hechizado :
_bhistoria humana de una dinastía
250 _a2a
260 _aBarcelona :
_bJuventud,
_c1993
300 _a381 p : il
490 _aGrandes biografías
650 1 4 _aCARLOS I 1500 - 1558
_94391
650 1 4 _aCARLOS II 1661 - 1699
_94392
942 _2ddc
_cBK
999 _c17819
_d17819